|
|
|
|
| LEADER |
00000cam a2200000 4500 |
| 001 |
vtls011766348 |
| 003 |
SK-MaSNL |
| 005 |
20260301142532.0 |
| 008 |
200205s2018 xo a b p 000 0 slo |
| 015 |
|
|
|a SNBA2018/10
|
| 020 |
|
|
|a 9788010032792
|q (brožované)
|
| 035 |
|
|
|a urn:nbn:sk:snk-am00d6jh
|
| 035 |
|
|
|a urn:nbn:sk:snk-am3hrcn
|
| 035 |
|
|
|a 1B714E91-4C9C-4A44-AB8D-D211BC233AD4
|
| 040 |
|
|
|a SNK
|b slo
|c SNK
|e rda
|
| 041 |
0 |
|
|a slo
|
| 044 |
|
|
|a xo
|c SK
|
| 072 |
|
7 |
|a 373.2/.3
|x Predškolská a primárna výchova a vzdelávanie
|2 konspekt
|
| 072 |
|
7 |
|a 37.016
|x Učebné osnovy. Vyučovacie predmety. Učebnice
|2 konspekt
|
| 080 |
|
|
|a 37.016:003-028.31
|2 2011
|
| 080 |
|
|
|a 37.016:028-028.31
|2 2011
|
| 080 |
|
|
|a (075.2)
|2 2011
|
| 080 |
|
|
|a (076.1)
|2 2011
|
| 100 |
1 |
|
|a Škultétyová, Silvia
|4 aut
|9 225292
|
| 245 |
1 |
0 |
|a Maľovaná abeceda
|b pre špeciálne základné školy : pracovné listy
|c Silvia Škultétyová, Jana Rohovská, Jarmila Žišková, Darina Matúšová ; ilustrácie Daniela Ondreičková
|
| 250 |
|
|
|a Osemnáste vydanie
|
| 264 |
|
1 |
|a Bratislava
|b Slovenské pedagogické nakladateľstvo
|c 2018
|
| 300 |
|
|
|a 58a, 58b strán
|b farebné ilustrácie
|c 30 cm
|
| 336 |
|
|
|a text
|b txt
|2 rdacontent
|
| 337 |
|
|
|a bez média
|b n
|2 rdamedia
|
| 338 |
|
|
|a zväzok
|b nc
|2 rdacarrier
|
| 500 |
|
|
|a Názov z obalu
|
| 500 |
|
|
|a Pracovné listy sú slabo lepené. Po odlepení sa dá s nimi pracovať ako s voľnými listami
|
| 650 |
0 |
7 |
|a písanie
|2 SNKPH
|9 1728
|
| 650 |
0 |
7 |
|a čítanie
|2 SNKPH
|9 1654
|
| 650 |
0 |
7 |
|a Writing
|2 SNKPHeng
|9 302882
|
| 650 |
0 |
7 |
|a Reading
|2 SNKPHeng
|9 276976
|
| 655 |
|
7 |
|a učebnice špeciálnych základných škôl
|2 SNKPH
|9 70204
|
| 655 |
|
7 |
|a pracovné listy
|2 SNKPH
|9 70565
|
| 655 |
|
7 |
|a Textbooks (elementary)
|2 SNKPHeng
|9 276977
|
| 655 |
|
7 |
|a Activity pages
|2 SNKPHeng
|9 303110
|
| 700 |
1 |
|
|a Rohovská, Jana
|4 aut
|9 46569
|
| 700 |
1 |
|
|a Žišková, Jarmila
|4 aut
|9 299426
|
| 700 |
1 |
|
|a Matúšová, Darina
|4 aut
|9 45630
|
| 700 |
1 |
|
|a Ondreičková, Daniela,
|d 1951-
|4 ill
|9 193858
|
| 852 |
|
|
|a Štátna vedecká knižnica v Banskej Bystrici
|
| 919 |
|
|
|a 978-80-10-03279-2
|
| 999 |
|
|
|c 770556
|d 772486
|
| 952 |
|
|
|a SNK
|b SNK
|y PREZ
|7 0
|p 17A1336700
|o snkSB 93138
|i snk2018/19435
|8 0
|0 0
|1 0
|4 0
|d 2018-09-25
|f 1
|l 0
|r 2025-05-14 00:00:00
|w 2026-02-24
|
| 952 |
|
|
|a SNK
|b SNK
|y PREZ
|7 0
|p 17A1336701
|o snkSB 93138 D1
|i snk2018/19436
|8 0
|0 0
|1 0
|4 0
|d 2018-09-25
|l 0
|r 2026-02-24 00:33:24
|w 2026-02-24
|